Nopeaa matikkaa - kahden potenssit - Statistics

Yleistilastot
  • Tätä visaa on pelattu 1 169 kertaa
  • Keskiarvotulos 12 / 32
Vastaustilastot
Potenssi Luku % Oikein
2^1 2
99%
2^2 4
99%
2^3 8
97%
2^4 16
95%
2^0 1
90%
2^5 32
87%
2^6 64
85%
2^7 128
83%
2^8 256
78%
2^9 512
72%
2^10 1 024
68%
2^11 2 048
65%
2^12 4 096
54%
2^13 8 192
39%
2^14 16 384
26%
2^15 32 768
18%
2^16 65 536
10%
2^17 131 072
7%
2^18 262 144
6%
2^20 1 048 576
3%
2^19 524 288
3%
2^21 2 097 152
2%
2^22 4 194 304
2%
2^23 8 388 608
2%
2^24 16 777 216
1%
2^25 33 554 432
1%
2^30 1 073 741 824
0%
2^27 134 217 728
0%
2^31 2 147 483 648
0%
2^28 268 435 456
0%
2^29 536 870 912
0%
2^26 67 108 864
0%
Ehtoja vastaavia visoja ei löytynyt
Tulosjakauma
Jokaisen tuloksen saaneiden osuus
Persentiili vastausten määrän mukaan
Tuloshistoriasi
Et ole pelannut tätä visaa